Officia sanctorum in breviario Romano, ex mandato summorum pontificum noviteÌr apponenda taÌm de praecepto, quaÌm ad libitum recitanda, et alia, quae generaliter in Hispania Et aliis locis particularibus recitari possunt, prout in suis Decretis continetur, juxta Rubricas ejusdem Breviarii Romani (Record no. 8563)

MARC details
000 -CABECERA
campo de control de longitud fija 01083nam a2200229 a 4500
001 - NÚMERO DE CONTROL
campo de control BRCA_8912
005 - FECHA Y HORA DE LA ÚLTIMA TRANSACCIÓN
campo de control 20190320210445.0
008 - DATOS DE LONGITUD FIJA--INFORMACIÓN GENERAL
campo de control de longitud fija 200617s1788----mx-#######---#000-0#lat-#
041 ## - CÓDIGO DE LENGUA
Código de lengua del texto/banda sonora o título independiente lat
044 ## - CÓDIGO DEL PAÍS DE LA ENTIDAD EDITORA/PRODUCTORA
Código MARC del país mx
084 ## - OTRO NÚMERO DE CLASIFICACIÓN
Número de clasificación CO75
Número de documento/Ítem .O34 1788
245 10 - MENCIÓN DE TÍTULO
Título Officia sanctorum in breviario Romano, ex mandato summorum pontificum noviteÌr apponenda taÌm de praecepto, quaÌm ad libitum recitanda, et alia, quae generaliter in Hispania Et aliis locis particularibus recitari possunt, prout in suis Decretis continetur, juxta Rubricas ejusdem Breviarii Romani
Resto del título ex apostolica concessione, et auctoritate superiorum rite` recognita.
260 ## - PUBLICACIÓN, DISTRIBUCIÓN, ETC.
Lugar de publicación, distribución, etc. Mexici
Nombre del editor, distribuidor, etc. Tyís Sacrorum Librorum apud Héredes Lic. D. Josephi á Jáuregui, in via Sancti Bernardi
Fecha de publicación, distribución, etc. 1788
300 ## - DESCRIPCIÓN FÍSICA
Extensión 360 p.
Dimensiones 20 x 16 cm
500 ## - NOTA GENERAL
Nota general Cum gratia et privilegios
500 ## - NOTA GENERAL
Nota general Estado físico: presenta encuadernación en pergamino con presencia del pez de plata
650 14 - PUNTO DE ACCESO ADICIONAL DE MATERIA--TÉRMINO DE MATERIA
Término de materia o nombre geográfico como elemento de entrada Oficio divino
9 (RLIN) 22164
650 14 - PUNTO DE ACCESO ADICIONAL DE MATERIA--TÉRMINO DE MATERIA
Término de materia o nombre geográfico como elemento de entrada Calendario eclesiástico
9 (RLIN) 22165
650 14 - PUNTO DE ACCESO ADICIONAL DE MATERIA--TÉRMINO DE MATERIA
Término de materia o nombre geográfico como elemento de entrada Iglesia católica
9 (RLIN) 15525
902 ## - CATALOGADOR
Iniciales CFM
942 ## - ELEMENTOS DE PUNTO DE ACCESO ADICIONAL (KOHA)
Fuente del sistema de clasificación o colocación Library of Congress Classification
Tipo de ítem Koha Libros
Holdings
Estado de retiro Estado de pérdida Estado dañado No para préstamo Localización permanente Ubicación/localización actual Fecha de adquisición Total de préstamos Signatura topográfica completa Código de barras Fecha visto por última vez Precio válido a partir de Tipo de ítem Koha
El ejemplar forma parte de la colección y puede ser consultado según las políticas vigentes.       Biblioteca del Museo Franz Mayer (Rogerio Casas-Alatriste) Biblioteca del Museo Franz Mayer (Rogerio Casas-Alatriste) 20/06/2017   CO75 .O34 1788 CFM00235 22/03/2019 22/03/2019 Libros